Word Ladder: You Think This is a Game? Quiz Stats

 Plays Quiz Updated Dec 4, 2014

Challenge
Share
Tweet
Embed
Score 0/30 Timer 03:00
1 Play Today
Hint 4-Letter Word % Correct
✰✰✰ Professor Plum is one of the main characters in this game ✰✰✰CLUE
94.2%
Steinbeck's Of _____ and MenMICE
93.7%
✰✰✰ These have 6 sides and are used in many games ✰✰✰DICE
93%
Jane and Spot usually hang around with this guyDICK
92.1%
Fond-of but not quite in love withLIKE
91.4%
Boxer Tyson or 60-Minutes host WallaceMIKE
91.2%
An elevator is known as this in the UKLIFT
88.5%
Often used as a nickname for RichardRICK
88.2%
The FBI's ____ Wanted listMOST
87.6%
Old soda can be described as thisFLAT
86.8%
Giovanni Agnelli founded this Italian auto company in 1899FIAT
86.7%
✰✰✰ Game created by Milton Bradley in 1860 ✰✰✰LIFE
83.6%
✰✰✰ Kamchatka is a territory in the classic version of this game ✰✰✰RISK
83.2%
This is used for punchingFIST
82.6%
The price of an itemCOST
81.9%
Hint 4-Letter Word % Correct
The vent in a chimneyFLUE
81.4%
To use a sieve to separate somethingSIFT
77.9%
Hall of Fame catcher CarltonFISK
76.6%
What a dog might sayWOOF
76.3%
That spare tire around your waistFLAB
74%
Michael J. Fox once played a teen oneWOLF
72.2%
To bungle a line of dialogue perhaps?FLUB
71.8%
Very tiny drops of rainMIST
65.5%
Granular material sized somewhere between sand and claySILT
65.2%
This type of point may be purely academicMOOT
59.3%
When the o's are replaced with zero's this is internet slang expressing happinessWOOT
54.9%
✰✰✰ Mark Twain once described this game as 'A good walk spoiled.' ✰✰✰GOLF
53.4%
This is an important part of fish reproductionMILT
49.3%
A closed pocket of tissue that may be filled with air or fluid. Yum!CYST
45.7%
✰✰✰ Video game that takes place on an island ✰✰✰MYST
42.4%

Today's Daily Dose

You're not logged in!

Compare scores with friends on all Sporcle quizzes.
Join for Free
OR
Log In

You Might Also Like...

Show Comments

Extras

Top Quizzes Today


Score Distribution

Your Account Isn't Verified!

In order to create a playlist on Sporcle, you need to verify the email address you used during registration. Go to your Sporcle Settings to finish the process.

Report this User

Report this user for behavior that violates our Community Guidelines.

Details: